00405nam a2200145Ia 4500008004100000020001500041041001200056082001600068100002100084245007800105260003500183300000800218650001200226700002100238221030s9999 xx 000 0 und d a8121908175 aEnglish a105.23bAva aM. N. Avadhanulu 2aA Text Book of Engineering Physicscby M. N. Avadhanulu, P. G. Kshirsagar bS.Chand & Co.aNew Delhic2001 a857 aPhysics aP. G. Kshirsagar